Suivez-vous attentivement les JO ? Médailles du 8 août - Statistiques

Statistiques générales
  • Ce quiz a été pris 6 fois
  • Le résultat moyen est 72 sur 82
Statistiques - réponses
Sport Discipline Pays % Correct
Athlétisme 8 août Argent F - Saut en longueur Allemagne
100%
Canoë-kayak 8 août Or H - En ligne K4 500 M Allemagne Pas de Français qualifiés
100%
Canoë-kayak 8 août Argent F - En ligne K4 500 M Allemagne
100%
Canoë-kayak 8 août Argent H - En ligne K4 500 M Australie
100%
Natation 8 août Argent F - Eaux vives - 10 Km Australie
100%
Cyclisme 8 août Bronze H - Omnium Belgique
100%
Taekwondo 8 août Bronze H - Moins de 68 kilos Brésil
100%
Haltérophilie 8 août Argent F - Moins de 59 kilos Canada
100%
Taekwondo 8 août Bronze F - Moins de 57 kilos Canada
100%
Boxe 8 août Or F - Poids coqs Chine Pas de Française qualifiée
100%
Canoë-kayak 8 août Or H - En ligne C2 500 M Chine France 10e
100%
Escalade 8 août Argent H - Vitesse Chine
100%
Haltérophilie 8 août Or F - Moins de 59 kilos Chine France 9e
100%
Lutte 8 août Bronze F - Libre - Moins de 53 kilos Chine
100%
Plongeon 8 août Or H - Tremplin à 3 M Chine France 8e
100%
Plongeon 8 août Argent H - Tremplin à 3 M Chine
100%
Taekwondo 8 août Bronze H - Moins de 68 kilos Chine
100%
Boxe 8 août Bronze F - Poids coqs Corée-du-Sud
100%
Taekwondo 8 août Or F - Moins de 57 kilos Corée-du-Sud Pas de qualifiée
100%
Athlétisme 8 août Argent H - 200 M Etats-Unis
100%
Athlétisme 8 août Bronze H - 200 M Etats-Unis
100%
Athlétisme 8 août Or H - 110 M Haies Etats-Unis Pas de Français en finale
100%
Athlétisme 8 août Argent H - 110 M Haies Etats-Unis
100%
Athlétisme 8 août Or F - 400 M Haies Etats-Unis France 8e
100%
Athlétisme 8 août Argent F - 400 M Haies Etats-Unis
100%
Athlétisme 8 août Or F - Saut en longueur Etats-Unis France 11e
100%
Athlétisme 8 août Bronze F - Saut en longueur Etats-Unis
100%
Boxe 8 août Argent H - Poids mouches France
100%
Cyclisme 8 août Or H - Omnium France
100%
Voile 8 août Argent F - Formula Kite France
100%
Athlétisme 8 août Argent H - Lancer de javelot Inde
100%
Canoë-kayak 8 août Argent H - En ligne C2 500 M Italie
100%
Natation 8 août Bronze F - Eaux vives - 10 Km Italie
100%
Voile 7 août Or Mixte - Nacra 17 Italie France 5e
100%
Athlétisme 8 août Bronze H - 110 M Haies Jamaïque
100%
Lutte 8 août Or F - Libre - Moins de 53 kilos Japon Pas de Française qualifiée
100%
Voile 7 août Argent Mixte - 470 Japon
100%
Boxe 8 août Or H - Poids mouches Ouzbékistan
100%
Taekwondo 8 août Or H - Moins de 68 kilos Ouzbékistan Pas de Français en finale
100%
Athlétisme 8 août Or H - Lancer de javelot Pakistan Pas de Français en finale
100%
Athlétisme 8 août Bronze F - 400 M Haies Pays-Bas
100%
Cyclisme 8 août Argent F - Kérin Pays-Bas
100%
Natation 8 août Or F - Eaux vives - 10 Km Pays-Bas France 5e
100%
Voile 8 août Bronze F - Formula Kite Pays-Bas
100%
Cyclisme 8 août Argent H - Omnium Portugal
100%
Cyclisme 8 août Bronze F - Kérin Royaume-Uni
100%
Escalade 8 août Bronze H - Vitesse Royaume-Uni
100%
Voile 8 août Or F - Formula Kite Royaume-Uni
100%
Voile 7 août Argent Mixte - Nacra 17 Argentine
80%
Lutte 8 août Bronze H - Lutte gréco-romaine Moins de 67 kilos Azerbaïdjan
80%
Athlétisme 8 août Or H - 200 M Botswana Pas de Français en finale
80%
Haltérophilie 8 août Bronze H - Moins de 73 kilos Bulgarie
80%
Lutte 8 août Or H - Lutte gréco-romaine Moins de 87 kilos Bulgarie Pas de Français qualifié
80%
Taekwondo 8 août Bronze F - Moins de 57 kilos Bulgarie
80%
Boxe 8 août Bronze F - Poids coqs Corée-du-Nord
80%
Lutte 8 août Bronze F - Libre - Moins de 53 kilos Corée-du-Nord
80%
Lutte 8 août Bronze H - Lutte gréco-romaine Moins de 67 kilos Cuba
80%
Lutte 8 août Bronze H - Lutte gréco-romaine Moins de 87 kilos Danemark
80%
Lutte 8 août Argent F - Libre - Moins de 53 kilos Equateur
80%
Canoë-kayak 8 août Bronze H - En ligne C2 500 M Espagne
80%
Canoë-kayak 8 août Bronze H - En ligne K4 500 M Espagne
80%
Canoë-kayak 8 août Bronze F - En ligne K4 500 M Hongrie
80%
Escalade 8 août Or H - Vitesse Indonésie Pas de Français en finale
80%
Haltérophilie 8 août Or H - Moins de 73 kilos Indonésie France 9e
80%
Lutte 8 août Or H - Lutte gréco-romaine Moins de 67 kilos Iran Pas de Français en finale
80%
Lutte 8 août Argent H - Lutte gréco-romaine Moins de 87 kilos Iran
80%
Taekwondo 8 août Argent F - Moins de 57 kilos Iran
80%
Canoë-kayak 8 août Or F - En ligne K4 500 M Nouvelle-Zélande Pas de Françaises qualifiées
80%
Cyclisme 8 août Or F - Kérin Nouvelle-Zélande France 8e
80%
Voile 7 août Bronze Mixte - Nacra 17 Nouvelle-Zélande
80%
Voile 7 août Bronze Mixte - 470 Suède
80%
Haltérophilie 8 août Bronze F - Moins de 59 kilos Taïwan
80%
Boxe 8 août Argent F - Poids coqs Turquie
80%
Voile 7 août Or Mixte - 470 Autriche France 6e
60%
Athlétisme 8 août Bronze H - Lancer de javelot Grenade
60%
Plongeon 8 août Bronze H - Tremplin à 3 M Mexique
60%
Lutte 8 août Argent H - Lutte gréco-romaine Moins de 67 kilos Ukraine
60%
Lutte 8 août Bronze H - Lutte gréco-romaine Moins de 87 kilos Ukraine
60%
Taekwondo 8 août Argent H - Moins de 68 kilos Jordanie
40%
Boxe 8 août Bronze H - Poids mouches République dominicaine
40%
Haltérophilie 8 août Argent H - Moins de 73 kilos Thaïlande
40%
Boxe 8 août Bronze H - Poids mouches Cap vert
20%
Aucun quiz correspondant
Distribution des résultats
% des personnes avec chaque résultat
Percentile par nombre de réponses
Votre historique - résultats
Vous n’avez pas pris ce quiz